000
00314nam a22001337a 4500
020
_a
9693515005
040
_c
Nust
082
_a
891.4392
_b
TAR
100
_a
Mustansar Hussain Tarar
_9
9703
245
_a
Putli Peking Ki
260
_a
Lahore;
_b
Sang-e-Mil,
_c
2003.
650
_2
Putli Peking Ki
942
_2
ddc
_c
BK
999
_c
610855
_d
610855